| 000 | 00644nam a22002177a 4500 | ||
|---|---|---|---|
| 999 |
_c230 _d230 |
||
| 003 | OSt | ||
| 005 | 20210401162007.0 | ||
| 008 | 140716b xxu||||| |||| 00| 0 eng d | ||
| 020 | _a8115890373 | ||
| 040 | _cDDC | ||
| 082 |
_222nd ed. _a305.3 BUC 2008 |
||
| 100 |
_aBuchholz, Rogene A.; Johnson, S. Arora _9610 |
||
| 245 | _aPrinciples of Gender, Development and Environmental Management | ||
| 260 |
_aNew Delhi: _bRoutledge, _c2008 |
||
| 300 |
_axv,455p; _bill: _c23cm |
||
| 504 | _aNotes, References, & index icluded | ||
| 650 |
_aGender _9611 |
||
| 650 |
_aDevelopment _9612 |
||
| 650 |
_aEnvironmental management _9583 |
||
| 942 |
_2ddc _cB_BANK |
||